Combien de ville du Tarn (81) connais-tu ? - Statistiques

Statistiques générales
  • Ce quiz a été pris 37 fois
  • Le résultat moyen est 34 sur 314
Statistiques - réponses
Code postal Ville % Correct
81020 Albi
100%
81108 Castres
97%
81604 Gaillac
84%
81200 Mazamet
77%
81300 Graulhet
68%
81503 Lavaur
68%
81400 Carmaux
61%
81220 Lautrec
58%
81800 Rabastens
58%
81310 Lisle-sur-Tarn
55%
81120 Réalmont
52%
81710 Saïx
52%
81160 Saint-Juéry
45%
81370 Saint-Sulpice-la-Pointe
45%
81230 Lacaune
42%
81380 Lescure-d'Albigeois
42%
81290 Labruguière
39%
81260 Brassac
35%
81150 Marssac-sur-Tarn
35%
81580 Soual
35%
81170 Souel
35%
81200 Aussillon
32%
81170 Cordes-sur-Ciel
32%
81700 Puylaurens
32%
81440 Vénès
32%
81250 Alban
29%
81130 Cagnac-les-Mines
29%
81360 Montredon-Labessonnié
29%
81540 Sorèze
29%
81570 Vielmur-sur-Agout
29%
81700 Blan
26%
81440 Brousse
26%
81150 Castelnau-de-Lévis
26%
81800 Coufouleux
26%
81990 Cunac
26%
81570 Cuq
26%
81120 Dénat
26%
81150 Labastide-de-Lévis
26%
81220 Saint-Paul-Cap-de-Joux
26%
81570 Sémalens
26%
81600 Técou
26%
81200 Aiguefonde
23%
81660 Bout-du-Pont-de-Larn
23%
81390 Briatexte
23%
81300 Busque
23%
81540 Cahuzac
23%
81990 Cambon
23%
81990 Carlus
23%
81110 Dourgne
23%
81990 Puygouzon
23%
81240 Saint-Amans-Soult
23%
81600 Senouillac
23%
81160 Arthès
19%
81600 Brens
19%
81600 Cadalen
19%
81500 Fiac
19%
81270 Labastide-Rouairoux
19%
81090 Lagarrigue
19%
81450 Le Garric
19%
81430 Ambialet
16%
81400 Blaye-les-Mines
16%
81140 Castelnau-de-Montmiral
16%
81150 Cestayrols
16%
81570 Fréjeville
16%
81150 Lagrave
16%
81990 Le Sequestre
16%
81710 Navès
16%
81310 Parisot
16%
81140 Puycelsi
16%
81630 Salvagnac
16%
81150 Terssac
16%
81110 Verdalle
16%
81240 Albine
13%
81500 Ambres
13%
81100 Burlats
13%
81580 Cambounet-sur-le-Sor
13%
81570 Carbes
13%
81150 Castanet
13%
81540 Durfort
13%
81120 Fauch
13%
81150 Florentin
13%
81500 Giroussens
13%
81220 Guitalens-L'Albarède
13%
81300 Labessière-Candeil
13%
81120 Laboutarie
13%
81120 Lombers
13%
81600 Montans
13%
81660 Payrin-Augmontel
13%
81660 Pont-de-Larn
13%
81210 Roquecourbe
13%
81240 Rouairoux
13%
81500 Saint-Lieux-lès-Lavaur
13%
81430 Villefranche-d'Albigeois
13%
81140 Andillac
10%
81260 Anglès
10%
81110 Arfons
10%
81340 Assac
10%
81340 Cadix
10%
81140 Cahuzac-sur-Vère
10%
81220 Damiatte
10%
81600 Fénols
10%
81990 Fréjairolles
10%
81440 Jonquières
10%
81240 Lacabarède
10%
81700 Lempaut
10%
81170 Les Cabannes
10%
81440 Montdragon
10%
81440 Montpinier
10%
81320 Murat-sur-Vèbre
10%
81190 Pampelonne
10%
81310 Peyrole
10%
81120 Poulan-Pouzols
10%
81390 Puybegon
10%
81600 Rivières
10%
81290 Saint-Affrique-les-Montagnes
10%
81240 Saint-Amans-Valtoret
10%
81440 Saint-Julien-du-Puy
10%
81220 Serviès
10%
81120 Sieurac
10%
81350 Valderiès
10%
81090 Valdurenque
10%
81340 Valence-d'Albigeois
10%
81140 Vieux
10%
81360 Arifat
6%
81600 Aussac
6%
81500 Bannières
6%
81540 Belleserre
6%
81260 Berlats
6%
81150 Bernac
6%
81490 Boissezon
6%
81500 Cabanès
6%
81200 Caucalières
6%
81500 Labastide-Saint-Georges
6%
81330 Lacaze
6%
81210 Lacrouzette
6%
81140 Larroque
6%
81300 Lasgraisses
6%
81430 Le Fraysse
6%
81240 Le Rialet
6%
81540 Les Cammazes
6%
81110 Massaguel
6%
81120 Mont-Roc
6%
81170 Mouzieys-Panens
6%
81430 Mouzieys-Teulet
6%
81490 Noailhac
6%
81120 Orban
6%
81500 Pratviel
6%
81440 Puycalvel
6%
81400 Rosières
6%
81150 Rouffiac
6%
81400 Saint-Benoît-de-Carmaux
6%
81390 Saint-Gauzens
6%
81440 Saint-Genest-de-Contest
6%
81330 Saint-Pierre-de-Trivisy
6%
81190 Tanus
6%
81120 Terre-de-Bancalié
6%
81340 Trébas
6%
81330 Vabre
6%
81140 Vaour
6%
81220 Viterbe
6%
81290 Viviers-lès-Montagnes
6%
81470 Aguts
3%
81470 Algans
3%
81190 Almayrac
3%
81140 Alos
3%
81170 Amarens
3%
81350 Andouque
3%
81700 Appelle
3%
81320 Barre
3%
81630 Beauvais-sur-Tescou
3%
81500 Belcastel
3%
81430 Bellegarde-Marsal
3%
81700 Bertre
3%
81170 Bournazel
3%
81600 Broze
3%
81470 Cambon-lès-Lavaur
3%
81260 Cambounès
3%
81140 Campagnac
3%
81640 Combefa
3%
81340 Courris
3%
81350 Crespin
3%
81350 Crespinet
3%
81470 Cuq-Toulza
3%
81250 Curvalle
3%
81170 Donnazac
3%
81260 Espérausses
3%
81260 Fontrieu
3%
81530 Gijounet
3%
81800 Grazac
3%
81170 Itzac
3%
81400 Labastide-Gabausse
3%
81100 Laboulbène
3%
81530 Lacapelle-Escroux
3%
81630 La Sauzière-Saint-Jean
3%
81260 Le Bez
3%
81340 Le Dourn
3%
81530 Le Masnau-Massuguiès
3%
81640 Le Ségur
3%
81140 Le Verdier
3%
81170 Livers-Cazelles
3%
81220 Magrin
3%
81500 Marzens
3%
81500 Massac-Séran
3%
81250 Massals
3%
81170 Milhars
3%
81190 Mirandol-Bourgnounac
3%
81640 Monestiés
3%
81190 Montauriol
3%
81500 Montcabrier
3%
81630 Montdurausse
3%
81190 Montirat
3%
81630 Montvalen
3%
81190 Moularès
3%
81470 Mouzens
3%
81320 Nages
3%
81170 Noailles
3%
81250 Paulinet
3%
81140 Penne
3%
81700 Poudis
3%
81330 Rayssac
3%
81250 Saint-André
3%
81340 Saint-Cirgue
3%
81140 Sainte-Cécile-du-Cayrou
3%
81190 Sainte-Gemme
3%
81210 Saint-Germier
3%
81350 Saint-Grégoire
3%
81210 Saint-Jean-de-Vals
3%
81340 Saint-Michel-Labadié
3%
81490 Saint-Salvy-de-la-Balme
3%
81630 Saint-Urcisse
3%
81530 Senaux
3%
81350 Sérénac
3%
81130 Taïx
3%
81120 Teillet
3%
81220 Teyssode
3%
81530 Viane
3%
81500 Villeneuve-lès-Lavaur
3%
81130 Villeneuve-sur-Vère
3%
81170 Vindrac-Alayrac
3%
81290 Escoussens
0%
81340 Faussergues
0%
81150 Fayssac
0%
81340 Fraissines
0%
81170 Frausseilles
0%
81700 Garrevaques
0%
81500 Garrigues
0%
81190 Jouqueviel
0%
81170 Labarthe-Bleys
0%
81340 Lacapelle-Pinet
0%
81170 Lacapelle-Ségalar
0%
81500 Lacougotte-Cadoul
0%
81470 Lacroisille
0%
81110 Lagardiolle
0%
81120 Lamillarié
0%
81260 Lamontélarié
0%
81640 Laparrouquial
0%
81260 Lasfaillades
0%
81340 Lédas-et-Penthiès
0%
81170 Le Riols
0%
81110 Lescout
0%
81240 Le Vintrou
0%
81170 Loubers
0%
81800 Loupiac
0%
81500 Lugan
0%
81130 Mailhoc
0%
81170 Marnaves
0%
81470 Maurens-Scopont
0%
81800 Mézens
0%
81130 Milhavet
0%
81250 Miolles
0%
81300 Missècle
0%
81140 Montels
0%
81210 Montfa
0%
81630 Montgaillard
0%
81470 Montgey
0%
81170 Montrosier
0%
81300 Moulayrès
0%
81320 Moulin-Mage
0%
81340 Padiès
0%
81700 Palleville
0%
81470 Péchaudier
0%
81440 Peyregoux
0%
81220 Prades
0%
81470 Puéchoursi
0%
81800 Roquemaure
0%
81470 Roquevidal
0%
81140 Roussayrolles
0%
81500 Saint-Agnan
0%
81110 Saint-Amancet
0%
81110 Saint-Avit
0%
81140 Saint-Beauzile
0%
81190 Saint-Christophe
0%
81150 Sainte-Croix
0%
81700 Saint-Germain-des-Prés
0%
81350 Saint-Jean-de-Marcel
0%
81500 Saint-Jean-de-Rives
0%
81340 Saint-Julien-Gaulène
0%
81170 Saint-Marcel-Campes
0%
81170 Saint-Martin-Laguépie
0%
81140 Saint-Michel-de-Vax
0%
81530 Saint-Salvi-de-Carcavès
0%
81700 Saint-Sernin-lès-Lavaur
0%
81990 Saliès
0%
81640 Salles
0%
81350 Saussenac
0%
81240 Sauveterre
0%
81630 Tauriac
0%
81500 Teulat
0%
81170 Tonnac
0%
81190 Tréban
0%
81190 Trévien
0%
81500 Veilhes
0%
81640 Virac
0%
81500 Viviers-lès-Lavaur
0%
Aucun quiz correspondant
Distribution des résultats
% des personnes avec chaque résultat
Percentile par nombre de réponses
Votre historique - résultats
Vous n’avez pas pris ce quiz